[Event "Titled Tuesday intern op 06th May Early"]
[Site "Chess.com INT"]
[Date "2025.05.06"]
[Round "1"]
[White "Huschenbeth, Niclas"]
[Black "Ramadoss, Ashokkumar"]
[Result "0-1"]
[WhiteElo "2601"]
[BlackElo "2110"]
[PlyCount "92"]
[EventDate "2025.05.06"]
[EventType "swiss (blitz)"]
[EventRounds "11"]
[EventCountry "USA"]
[SourceTitle "CB20_2025"]
[SourceDate "2025.05.14"]
[SourceVersion "1"]
[SourceVersionDate "2025.05.14"]
[SourceQuality "1"]

1. e4 e6 2. d4 d5 3. exd5 exd5 4. Nf3 Bd6 5. c4 Nf6 6. c5 Be7 7. Bd3 0-0 8. h3 b6 9. Qc2 bxc5 10. dxc5 Na6 11. Be3 Nb4 12. Qd2 Nxd3+ 13. Qxd3 a5 14. Nc3 Ba6 15. Qc2 Re8 16. 0-0-0 c6 17. Na4 Ne4 18. Nd4 Qc7 19. f3 Ng3 20. Rhe1 Bf6 21. Bf2 Bxd4 22. Bxd4 Ne2+ 23. Kb1 Qf4 24. Bf2 Qb4 25. Nb6 Rab8 26. a3 Qf4 27. Ka1 a4 28. Qxa4 Bc4 29. Qc2 Bb5 30. Rd2 Ng3 31. Bxg3 Qxg3 32. Rxe8+ Rxe8 33. Ka2 h5 34. a4 Ba6 35. Qc3 Qc7 36. Qd4 Qe7 37. h4 g6 38. g3 Qe1 39. Qf2 Qc1 40. Nd7 Bc4+ 41. b3 Re1 42. Qd4 Qb1+ 43. Ka3 Qf5 44. bxc4 Ra1+ 45. Kb4 Rb1+ 46. Ka5 Qxd7 0-1

[Event "Titled Tuesday intern op 06th May Early"]
[Site "Chess.com INT"]
[Date "2025.05.06"]
[Round "4"]
[White "Svane, Rasmus"]
[Black "Ramadoss, Ashokkumar"]
[Result "1-0"]
[WhiteElo "2629"]
[BlackElo "2110"]
[PlyCount "57"]
[EventDate "2025.05.06"]
[EventType "swiss (blitz)"]
[EventRounds "11"]
[EventCountry "USA"]
[SourceTitle "CB20_2025"]
[SourceDate "2025.05.14"]
[SourceVersion "1"]
[SourceVersionDate "2025.05.14"]
[SourceQuality "1"]

1. Nf3 Nf6 2. c4 g6 3. b3 Bg7 4. Bb2 0-0 5. g3 c6 6. Bg2 d5 7. 0-0 a6 8. Qc2 b5 9. d3 Nbd7 10. Nbd2 Re8 11. d4 dxc4 12. bxc4 Nb6 13. Ne5 Bf5 14. Qc1 Na4 15. Nxc6 Qc7 16. Ba3 Rac8 17. d5 Ng4 18. Nxe7+ Kh8 19. Nxc8 Rxc8 20. c5 Nc3 21. Re1 Qe5 22. Bb2 Rxc5 23. Bxc3 Rxc3 24. Qd1 Rc2 25. Nf3 Qxa1 26. Qxa1 Bxa1 27. Rxa1 Rxe2 28. Nd4 Bd7 29. Nxe2 1-0

[Event "Titled Tuesday intern op 11th Jun Late"]
[Site "Chess.com INT"]
[Date "2024.06.11"]
[Round "4"]
[White "Karsten, Jan"]
[Black "Ramadoss, Ashokkumar"]
[Result "0-1"]
[WhiteElo "2311"]
[BlackElo "2110"]
[PlyCount "118"]
[EventDate "2024.06.11"]
[EventType "swiss (blitz)"]
[EventRounds "11"]
[EventCountry "USA"]
[SourceTitle "EXT 2025"]
[Source "ChessBase"]
[SourceDate "2024.10.14"]
[SourceVersion "1"]
[SourceVersionDate "2024.10.14"]
[SourceQuality "1"]

1. e4 e6 2. d4 d5 3. Nc3 Bb4 4. Nge2 Nf6 5. e5 Nfd7 6. a3 Bf8 7. f4 c5 8. Be3 Nc6 9. Qd2 a6 10. dxc5 Bxc5 11. Nd4 Nxd4 12. Bxd4 Bxd4 13. Qxd4 Qb6 14. 0-0-0 Qxd4 15. Rxd4 Ke7 16. Be2 Nb8 17. Rd2 Nc6 18. Bf3 Bd7 19. Ne2 g5 20. g3 gxf4 21. gxf4 f6 22. exf6+ Kxf6 23. Ng3 Rhf8 24. f5 Ne5 25. Bg2 Nc4 26. Rd3 Ne5 27. Rd2 Nc4 28. Re2 exf5 29. Bxd5 Nd6 30. Rg1 Ne4 31. Bxe4 fxe4 32. Nxe4+ Kf5 33. Nd6+ Kf6 34. Nxb7 Bc6 35. Nc5 a5 36. Re6+ Kf5 37. Rxc6 Rfe8 38. Nd3 Re2 39. Rc5+ Kf6 40. Rf1+ Kg7 41. Rg5+ Kh8 42. Rgf5 Rxh2 43. Rf8+ Rxf8 44. Rxf8+ Kg7 45. Rf1 h5 46. b4 axb4 47. axb4 h4 48. b5 Rg2 49. b6 Rg6 50. b7 Rb6 51. Nc5 Kg6 52. Kd2 Kg5 53. Ke3 Kg4 54. c4 h3 55. Rg1+ Kh4 56. Kf3 h2 57. Rh1 Kh3 58. Ne4 Rb3+ 59. Kf4 Rxb7 0-1

[Event "Titled Tuesday intern op 11th Jun Late"]
[Site "Chess.com INT"]
[Date "2024.06.11"]
[Round "5"]
[White "Ramadoss, Ashokkumar"]
[Black "Bardyk, Artem"]
[Result "0-1"]
[WhiteElo "2110"]
[BlackElo "2268"]
[PlyCount "164"]
[EventDate "2024.06.11"]
[EventType "swiss (blitz)"]
[EventRounds "11"]
[EventCountry "USA"]
[SourceTitle "EXT 2025"]
[Source "ChessBase"]
[SourceDate "2024.10.14"]
[SourceVersion "1"]
[SourceVersionDate "2024.10.14"]
[SourceQuality "1"]

1. Nf3 d5 2. c4 c6 3. Qc2 Nf6 4. d4 a6 5. e3 e6 6. Bd3 dxc4 7. Bxc4 b5 8. Bd3 Bb7 9. 0-0 Nbd7 10. a4 c5 11. axb5 axb5 12. Rxa8 Qxa8 13. Nbd2 c4 14. Be2 Bd6 15. b3 cxb3 16. Qxb3 b4 17. Bb2 0-0 18. Ra1 Qb8 19. h3 Rc8 20. Rc1 Rxc1+ 21. Bxc1 h6 22. Bb2 Nb6 23. Qc2 Qa8 24. Nc4 Nxc4 25. Qxc4 Bd5 26. Qa6 Qb8 27. Ne5 Bxe5 28. dxe5 Ne4 29. Qb5 Qf8 30. Bd3 Nc3 31. Qa6 Qb8 32. Qd6 Qa8 33. Qxb4 Na2 34. Qg4 Qb8 35. Bd4 Nc1 36. Be4 Qb7 37. Bxd5 Qxd5 38. Qf3 Qa5 39. Qd1 Na2 40. Qa1 Qd5 41. Qb2 g5 42. g3 Qc4 43. Kg2 Nc1 44. Qd2 Nd3 45. h4 g4 46. Ba1 Qe4+ 47. Kh2 Kh7 48. Kg1 Kg6 49. Qc3 Kh5 50. Qd4 Qf5 51. e4 Qf3 52. Qe3 Qxe3 53. fxe3 Nb4 54. Bd4 Kg6 55. Kf2 Nc6 56. Ke2 f6 57. exf6 e5 58. Bc3 Kxf6 59. Kd3 Ke6 60. Bd2 h5 61. Bc3 Ne7 62. Kc4 Ng8 63. Bd2 Nf6 64. Kd3 Nd7 65. Be1 Nc5+ 66. Kc4 Nxe4 67. Kd3 Kd5 68. Ke2 Nd6 69. Bd2 Ke4 70. Be1 Nf5 71. Bf2 Ne7 72. Bg1 Nd5 73. Bf2 Nc3+ 74. Kd2 Kf3 75. Be1 Ne4+ 76. Kd3 Nxg3 77. Bxg3 Kxg3 78. Ke4 Kf2 79. Kxe5 g3 80. Kf4 g2 81. e4 g1Q 82. e5 Qg4# 0-1

[Event "Titled Tuesday intern op 11th Jun Late"]
[Site "Chess.com INT"]
[Date "2024.06.11"]
[Round "2"]
[White "Ramadoss, Ashokkumar"]
[Black "Tejedor Fuente, Enrique"]
[Result "0-1"]
[WhiteElo "2110"]
[BlackElo "2400"]
[PlyCount "56"]
[EventDate "2024.06.11"]
[EventType "swiss (blitz)"]
[EventRounds "11"]
[EventCountry "USA"]
[SourceTitle "EXT 2025"]
[Source "ChessBase"]
[SourceDate "2024.10.14"]
[SourceVersion "1"]
[SourceVersionDate "2024.10.14"]
[SourceQuality "1"]

1. Nf3 d6 2. d4 g6 3. c4 Bg7 4. Nc3 Nf6 5. e4 Bg4 6. Be2 0-0 7. 0-0 Nc6 8. Be3 Nd7 9. d5 Nb4 10. a3 Na6 11. Qc2 c5 12. Ne1 Bxe2 13. Qxe2 Rb8 14. f4 Nc7 15. Nf3 a6 16. a4 b5 17. axb5 axb5 18. cxb5 Rb7 19. Rfd1 Qb8 20. Ra5 Bxc3 21. bxc3 Nxb5 22. Qc2 Nc7 23. Ra2 Rb3 24. Nd2 Rb5 25. Nc4 f5 26. e5 Nb6 27. Na5 Nbxd5 28. Nc6 Qe8 0-1

[Event "Titled Tuesday intern op 23rd Apr Late"]
[Site "Chess.com INT"]
[Date "2024.04.23"]
[Round "2"]
[White "Brozyna, Mateusz"]
[Black "Ramadoss, Ashokkumar"]
[Result "1-0"]
[WhiteElo "2259"]
[BlackElo "2110"]
[PlyCount "109"]
[EventDate "2024.04.23"]
[EventType "swiss (blitz)"]
[EventRounds "11"]
[EventCountry "USA"]
[SourceTitle "CBM 219 Extra"]
[Source "ChessBase"]
[SourceDate "2024.05.31"]
[SourceVersion "1"]
[SourceVersionDate "2024.05.31"]
[SourceQuality "1"]

1. e4 e6 2. d4 d5 3. Bd3 c5 4. dxc5 Nc6 5. Nd2 Nf6 6. Ngf3 dxe4 7. Nxe4 Nxe4 8. Bxe4 Qxd1+ 9. Kxd1 Bxc5 10. Ke2 Bd7 11. c3 0-0 12. Rd1 Rfd8 13. Bf4 Be8 14. Ne5 Nxe5 15. Bxe5 Bc6 16. Bxc6 bxc6 17. f3 Kf8 18. a4 f6 19. Bf4 e5 20. Be3 Bxe3 21. Kxe3 Ke7 22. a5 Ke6 23. b4 a6 24. g4 Rab8 25. h4 Rd5 26. h5 Rbd8 27. Rxd5 cxd5 28. Rb1 Rc8 29. Kd3 Rb8 30. Re1 Kd6 31. Kc2 d4 32. Rd1 Ke6 33. Kb3 dxc3 34. Kxc3 Rc8+ 35. Kb3 g6 36. hxg6 hxg6 37. Rh1 Rd8 38. Kc4 Rc8+ 39. Kd3 Rd8+ 40. Ke3 Rb8 41. Rb1 f5 42. gxf5+ gxf5 43. f4 e4 44. Kd4 Rd8+ 45. Kc5 Rc8+ 46. Kb6 Kd5 47. Kxa6 e3 48. b5 e2 49. b6 Kc6 50. Rc1+ Kd7 51. Re1 Kc6 52. Ka7 Re8 53. a6 Re7+ 54. b7 Kb5 55. Rxe2 1-0

[Event "Titled Tuesday intern op 19th Mar Late"]
[Site "Chess.com INT"]
[Date "2024.03.19"]
[Round "7"]
[White "Ramadoss, Ashokkumar"]
[Black "Baloglu, Dila"]
[Result "0-1"]
[WhiteElo "2110"]
[BlackElo "1938"]
[PlyCount "66"]
[EventDate "2024.03.19"]
[EventType "swiss (blitz)"]
[EventRounds "11"]
[EventCountry "USA"]
[SourceTitle "EXT 2025"]
[Source "ChessBase"]
[SourceDate "2024.10.14"]
[SourceVersion "1"]
[SourceVersionDate "2024.10.14"]
[SourceQuality "1"]

1. Nf3 Nf6 2. c4 g6 3. Nc3 d5 4. cxd5 Nxd5 5. h4 h5 6. e3 Bg7 7. Bc4 Nb6 8. Bb3 0-0 9. Ng5 c5 10. d3 Nc6 11. a3 Bg4 12. f3 Bf5 13. Nce4 Ne5 14. Bc2 Qc7 15. Qe2 Rfd8 16. Kf2 Rac8 17. Rd1 c4 18. d4 Nd3+ 19. Bxd3 cxd3 20. Rxd3 e5 21. Rc3 Qe7 22. Rxc8 Rxc8 23. dxe5 Bxe5 24. Nc3 Bxc3 25. bxc3 Rxc3 26. Bd2 Rc2 27. e4 Nc4 28. Rd1 Bd7 29. Qd3 Ba4 30. Kg3 Nb2 31. Qd4 Nxd1 32. Bf4 Nc3 33. Be5 Ne2+ 0-1

[Event "Titled Tuesday intern op 19th Mar Late"]
[Site "Chess.com INT"]
[Date "2024.03.19"]
[Round "2"]
[White "Ramadoss, Ashokkumar"]
[Black "Veiga, Jose Francisco RP"]
[Result "1-0"]
[WhiteElo "2110"]
[BlackElo "2366"]
[PlyCount "165"]
[EventDate "2024.03.19"]
[EventType "swiss (blitz)"]
[EventRounds "11"]
[EventCountry "USA"]
[SourceTitle "EXT 2025"]
[Source "ChessBase"]
[SourceDate "2024.10.14"]
[SourceVersion "1"]
[SourceVersionDate "2024.10.14"]
[SourceQuality "1"]

1. Nf3 Nf6 2. c4 g6 3. Nc3 Bg7 4. e4 d6 5. d4 0-0 6. Be2 e5 7. 0-0 exd4 8. Nxd4 Re8 9. f3 c6 10. Nb3 Be6 11. Bf4 d5 12. cxd5 cxd5 13. Nc5 Nc6 14. Nxe6 fxe6 15. exd5 exd5 16. Qb3 Nd4 17. Qd1 Qb6 18. Kh1 Nxe2 19. Nxe2 Qxb2 20. Ng3 b6 21. Bg5 Rad8 22. Qa4 a5 23. Rad1 d4 24. Rd2 Qc3 25. Rfd1 h6 26. Bxf6 Bxf6 27. Ne4 Rxe4 28. fxe4 d3 29. Qb3+ Qxb3 30. axb3 Rd4 31. Rxd3 Rxe4 32. Rd6 Kf7 33. Rxb6 a4 34. bxa4 Rxa4 35. g3 h5 36. Rd7+ Be7 37. Rbb7 Re4 38. Kg2 Kf6 39. Kf3 Re1 40. Rb6+ Kf7 41. h3 Re5 42. Rbb7 Re1 43. g4 hxg4+ 44. hxg4 Re6 45. Kf4 Re1 46. Rdc7 Rf1+ 47. Kg3 Re1 48. Kf2 Re5 49. Rd7 Re4 50. Rd5 Re6 51. Kf3 Re1 52. Rd4 Rf1+ 53. Kg2 Re1 54. Kf2 Re6 55. Rf4+ Kg7 56. Kf3 Re1 57. Re4 Rxe4 58. Kxe4 Kf6 59. Kf4 Bd6+ 60. Ke4 Kg5 61. Rb6 Be7 62. Kf3 Bf6 63. Rb5+ Kh6 64. Kg3 g5 65. Kf3 Kg6 66. Ke4 Bg7 67. Rb6+ Bf6 68. Kd5 Kf7 69. Ke4 Kg6 70. Rc6 Kf7 71. Kf5 Be7 72. Rg6 Bd8 73. Rh6 Be7 74. Rh7+ Kf8 75. Kg6 Ke8 76. Rh8+ Kd7 77. Rh7 Ke8 78. Rxe7+ Kxe7 79. Kxg5 Kf8 80. Kg6 Kg8 81. g5 Kf8 82. Kh7 Kf7 83. g6+ 1-0

[Event "Titled Tuesday intern op 20th Feb Late"]
[Site "Chess.com INT"]
[Date "2024.02.20"]
[Round "3"]
[White "Ramadoss, Ashokkumar"]
[Black "Montano Vicente, Guadalupe"]
[Result "1-0"]
[WhiteElo "2110"]
[BlackElo "1690"]
[PlyCount "115"]
[EventDate "2024.02.20"]
[EventType "swiss (blitz)"]
[EventRounds "11"]
[EventCountry "USA"]
[SourceTitle "EXT 2025"]
[Source "ChessBase"]
[SourceDate "2024.10.14"]
[SourceVersion "1"]
[SourceVersionDate "2024.10.14"]
[SourceQuality "1"]

1. Nf3 c5 2. c4 Nc6 3. d4 cxd4 4. Nxd4 Nf6 5. Nc3 g6 6. e4 Bg7 7. Be3 0-0 8. Be2 b6 9. 0-0 Bb7 10. f3 Rc8 11. Qd2 Ne8 12. Rfd1 Nc7 13. Ndb5 Nxb5 14. cxb5 Na5 15. Qxd7 Qxd7 16. Rxd7 Bxc3 17. bxc3 Rxc3 18. Bd2 Bc8 19. Rxa7 Rc2 20. Bxa5 bxa5 21. Bf1 Rd8 22. Ra8 Kf8 23. b6 Rcd2 24. Rxa5 Bb7 25. Ra7 Bc6 26. a4 Rb2 27. a5 Rd6 28. Rc7 f6 29. a6 Rxb6 30. a7 Rd8 31. Rxc6 Rxc6 32. a8Q Rxa8 33. Rxa8+ Kg7 34. Ra1 Rc2 35. Rd1 f5 36. exf5 gxf5 37. Bd3 Rc5 38. Re1 Kf6 39. f4 Rd5 40. Bf1 Rd6 41. g3 Rd2 42. Bg2 h5 43. h3 Rd3 44. Kh2 Rd4 45. Rf1 e6 46. Rf3 Rd2 47. Ra3 Re2 48. h4 Rd2 49. Ra8 Rc2 50. Rg8 Rc7 51. Rg5 Rh7 52. Bf3 Ra7 53. Rxh5 Ra2+ 54. Bg2 Kg6 55. Rh8 Kf6 56. Rb8 Rd2 57. Rg8 Rd4 58. h5 1-0

[Event "Titled Tuesday intern op 05th Dec Late"]
[Site "Chess.com INT"]
[Date "2023.12.05"]
[Round "4"]
[White "Ramadoss, Ashokkumar"]
[Black "Bayo Milagro, Alvaro"]
[Result "0-1"]
[WhiteElo "2110"]
[BlackElo "2276"]
[PlyCount "66"]
[EventDate "2023.12.05"]
[EventType "swiss (blitz)"]
[EventRounds "11"]
[EventCountry "USA"]
[SourceTitle "EXT 2025"]
[Source "ChessBase"]
[SourceDate "2024.10.14"]
[SourceVersion "1"]
[SourceVersionDate "2024.10.14"]
[SourceQuality "1"]

1. Nf3 Nf6 2. c4 g6 3. Nc3 Bg7 4. e4 d6 5. d4 Bg4 6. Be2 Nfd7 7. 0-0 Bxf3 8. Bxf3 Nc6 9. Be3 e5 10. d5 Nd4 11. Nb5 Nxf3+ 12. Qxf3 0-0 13. Qe2 f5 14. f3 a6 15. Nc3 Qh4 16. b4 Bh6 17. Bxh6 Qxh6 18. Rac1 a5 19. a3 axb4 20. axb4 Nf6 21. Ra1 Nh5 22. c5 Nf4 23. Qc2 Qg5 24. Kh1 Qe7 25. Nb5 Rac8 26. Ra7 fxe4 27. Qxe4 Rb8 28. Rc1 Nxg2 29. cxd6 cxd6 30. Rc7 Qg5 31. Raxb7 Rxb7 32. Rxb7 Ne3 33. Qc2 Nxc2 0-1

[Event "Titled Tuesday intern op 05th Dec Late"]
[Site "Chess.com INT"]
[Date "2023.12.05"]
[Round "3"]
[White "Salonen, Aku"]
[Black "Ramadoss, Ashokkumar"]
[Result "1-0"]
[WhiteElo "2265"]
[BlackElo "2110"]
[PlyCount "73"]
[EventDate "2023.12.05"]
[EventType "swiss (blitz)"]
[EventRounds "11"]
[EventCountry "USA"]
[SourceTitle "EXT 2025"]
[Source "ChessBase"]
[SourceDate "2024.10.14"]
[SourceVersion "1"]
[SourceVersionDate "2024.10.14"]
[SourceQuality "1"]

1. e4 e6 2. d4 d5 3. Nd2 Be7 4. Ngf3 Nf6 5. e5 Nfd7 6. Bd3 c5 7. c3 Nc6 8. 0-0 a5 9. a4 cxd4 10. cxd4 Ndb8 11. Nb1 Nb4 12. Bb5+ N8c6 13. Nc3 0-0 14. Be3 f6 15. exf6 Bxf6 16. Re1 Qe8 17. Ne2 Qg6 18. Nf4 Qc2 19. Rc1 Qxd1 20. Rexd1 Bd7 21. h4 Rac8 22. h5 Kf7 23. Nh3 h6 24. Nf4 Rfd8 25. Ng6 Na2 26. Ra1 Nab4 27. Rdc1 Be8 28. g4 Kg8 29. Nf4 Bf7 30. Ng6 Bxg6 31. hxg6 Ne7 32. Rxc8 Rxc8 33. Bd7 Rc2 34. Bxe6+ Kf8 35. g5 hxg5 36. Nxg5 Nxg6 37. Bf5 1-0

[Event "Titled Tuesday intern op 05th Dec Late"]
[Site "Chess.com INT"]
[Date "2023.12.05"]
[Round "2"]
[White "Sanchez Alvares, Kelvin Antonio"]
[Black "Ramadoss, Ashokkumar"]
[Result "0-1"]
[WhiteElo "2246"]
[BlackElo "2110"]
[PlyCount "140"]
[EventDate "2023.12.05"]
[EventType "swiss (blitz)"]
[EventRounds "11"]
[EventCountry "USA"]
[SourceTitle "EXT 2025"]
[Source "ChessBase"]
[SourceDate "2024.10.14"]
[SourceVersion "1"]
[SourceVersionDate "2024.10.14"]
[SourceQuality "1"]

1. e4 e6 2. d4 d5 3. Nd2 Be7 4. c3 c5 5. exd5 Qxd5 6. Ngf3 cxd4 7. Bc4 Qd8 8. Nxd4 Nf6 9. 0-0 0-0 10. Qe2 a6 11. a4 Bd7 12. Re1 Nc6 13. N2f3 Nxd4 14. Nxd4 Re8 15. Bf4 Nd5 16. Bxd5 exd5 17. Qc2 Qb6 18. a5 Qg6 19. Qxg6 hxg6 20. Be5 Bc5 21. Nb3 Bf8 22. Bd4 f6 23. Bc5 Re5 24. Bxf8 Kxf8 25. f4 Re7 26. Kf2 Rc8 27. Nd4 Rc5 28. Rxe7 Kxe7 29. Ke3 Kd6 30. Kd2 Rc8 31. Re1 Re8 32. Rxe8 Bxe8 33. b4 Bd7 34. Ke3 Be8 35. g3 Bd7 36. Nb3 Be8 37. Kd4 Kc6 38. Nc5 Bf7 39. g4 Bg8 40. h4 Bf7 41. g5 Bg8 42. Nd3 Kd6 43. Nf2 Be6 44. Nd3 Bd7 45. Nc5 Bc6 46. Ke3 Ke7 47. Kf2 Kd6 48. Kg3 d4 49. cxd4 Kd5 50. f5 fxg5 51. hxg5 gxf5 52. Kf4 g6 53. Ke3 f4+ 54. Kxf4 Kxd4 55. Ne6+ Kc4 56. Ke5 Kxb4 57. Nf8 Be8 58. Kf6 Kxa5 59. Nxg6 b5 60. Nf4 b4 61. Ke7 Bb5 62. g6 Bc4 63. g7 b3 64. Ne6 b2 65. g8Q b1Q 66. Qd8+ Qb6 67. Qd2+ Qb4+ 68. Qxb4+ Kxb4 69. Nc7 a5 70. Kd6 a4 0-1

[Event "Titled Tuesday intern op 14th Nov Early"]
[Site "Chess.com INT"]
[Date "2023.11.14"]
[Round "4"]
[White "Ramadoss, Ashokkumar"]
[Black "Tulchynskyi, Feliks"]
[Result "0-1"]
[WhiteElo "2110"]
[BlackElo "2325"]
[PlyCount "216"]
[EventDate "2023.11.14"]
[EventType "swiss (blitz)"]
[EventRounds "11"]
[EventCountry "USA"]
[SourceTitle "CBM 217 Extra"]
[Source "ChessBase"]
[SourceDate "2024.01.31"]
[SourceVersion "1"]
[SourceVersionDate "2024.01.31"]
[SourceQuality "1"]

1. Nf3 d5 2. c4 c6 3. Qc2 Nf6 4. d4 g6 5. e3 Bf5 6. Bd3 Bxd3 7. Qxd3 Bg7 8. 0-0 0-0 9. Nc3 Nbd7 10. e4 dxe4 11. Nxe4 Nxe4 12. Qxe4 Re8 13. Rd1 Nf6 14. Qe2 Qd7 15. b3 Rad8 16. Bb2 Qf5 17. h3 Qe4 18. Re1 Qxe2 19. Rxe2 e6 20. g3 Nd7 21. Kg2 Nb6 22. a4 Na8 23. h4 Nc7 24. h5 Na6 25. a5 Nb4 26. hxg6 hxg6 27. Bc3 c5 28. Bxb4 cxb4 29. Ra4 Bxd4 30. Rxb4 Re7 31. Rd2 e5 32. Nxd4 exd4 33. c5 d3 34. Rc4 Re2 35. Rd1 d2 36. Ra4 Re1 37. Raa1 Rxd1 38. Rxd1 Kf8 39. Kf3 Rd3+ 40. Ke2 Rxb3 41. Rxd2 Rb5 42. Rd7 Rxc5 43. Rxb7 Rxa5 44. Kf3 Ra4 45. g4 g5 46. Kg3 Ra3+ 47. f3 Kg7 48. Rb5 Kg6 49. Rb7 a5 50. Ra7 Kf6 51. Kg2 Ra2+ 52. Kg3 a4 53. Ra5 a3 54. Rf5+ Kg6 55. Ra5 Ra1 56. Kg2 a2 57. Ra6+ Kg7 58. Ra7 Kf6 59. Ra6+ Ke5 60. Ra8 Kf4 61. Ra4+ Ke3 62. Ra3+ Kd2 63. Ra8 Ke3 64. Ra3+ Kd4 65. Ra4+ Kc5 66. Ra5+ Kb4 67. Ra8 Kc4 68. Rc8+ Kb5 69. Rb8+ Kc6 70. Ra8 Kb7 71. Ra3 Kb6 72. Ra8 Kc6 73. Ra3 Kd6 74. Ra7 Ke5 75. Ra5+ Kf6 76. Ra6+ Kg7 77. Ra7 Kg6 78. Ra6+ f6 79. Ra7 f5 80. Ra6+ Kf7 81. gxf5 Kg7 82. Kh2 Kf7 83. Kg2 Ke7 84. Ra7+ Kf6 85. Ra6+ Kxf5 86. Ra5+ Kg6 87. Ra4 Kh5 88. Ra5 Kh6 89. Ra6+ Kg7 90. Ra7+ Kf6 91. Ra6+ Ke5 92. Ra5+ Kf4 93. Ra4+ Ke3 94. Ra3+ Ke2 95. Ra6 Kd3 96. Ra3+ Kc4 97. Ra8 Kb3 98. Rb8+ Kc3 99. Rc8+ Kd4 100. Ra8 Kc4 101. Rc8+ Kd4 102. Ra8 Kc5 103. Ra7 Kb5 104. Ra8 Kc5 105. Ra7 Kc4 106. Ra4+ Kb3 107. Ra8 Rb1 108. Kg3 a1Q 0-1

[Event "Titled Tuesday intern op 26th Sep Early"]
[Site "Chess.com INT"]
[Date "2023.09.26"]
[Round "3"]
[White "Begunov, Konstantin"]
[Black "Ramadoss, Ashokkumar"]
[Result "0-1"]
[WhiteElo "2325"]
[BlackElo "2110"]
[PlyCount "80"]
[EventDate "2023.09.26"]
[EventType "swiss (blitz)"]
[EventRounds "11"]
[EventCountry "USA"]
[SourceTitle "EXT 2024"]
[Source "ChessBase"]
[SourceDate "2023.10.10"]
[SourceVersion "1"]
[SourceVersionDate "2023.10.10"]
[SourceQuality "1"]

1. d4 Nf6 2. c4 c5 3. Nf3 g6 4. Nc3 Bg7 5. g3 0-0 6. Bg2 d6 7. 0-0 Nc6 8. d5 Na5 9. Nd2 a6 10. a3 b5 11. cxb5 axb5 12. b4 Nd7 13. Bb2 Nc4 14. Nxc4 bxc4 15. b5 Qa5 16. Qc2 Nb6 17. a4 Bf5 18. e4 Bc8 19. h4 Nd7 20. Rfb1 Ne5 21. Bf1 Nf3+ 22. Kg2 Nd4 23. Qd2 Nb3 24. Qe3 Nxa1 25. Bxa1 Bd4 26. Qd2 f5 27. exf5 Rxf5 28. f3 Bd7 29. Bxc4 Raf8 30. f4 R5f7 31. Bd3 Rc8 32. Ne4 Qxd2+ 33. Nxd2 Ra8 34. Nc4 Rxa4 35. Bxd4 cxd4 36. Nb6 Bg4 37. Nxa4 Rf8 38. b6 Rb8 39. b7 Bd7 40. Bb5 Bf5 0-1

[Event "Titled Tuesday intern op 12th Sep Late"]
[Site "Chess.com INT"]
[Date "2023.09.12"]
[Round "3"]
[White "Ramadoss, Ashokkumar"]
[Black "Sailer, Mike L"]
[Result "1-0"]
[WhiteElo "2110"]
[BlackElo "2095"]
[PlyCount "61"]
[EventDate "2023.09.12"]
[EventType "swiss (blitz)"]
[EventRounds "11"]
[EventCountry "USA"]
[SourceTitle "EXT 2024"]
[Source "ChessBase"]
[SourceDate "2023.10.10"]
[SourceVersion "1"]
[SourceVersionDate "2023.10.10"]
[SourceQuality "1"]

1. Nf3 e6 2. c4 f5 3. g3 Nf6 4. Bg2 Be7 5. 0-0 0-0 6. Nc3 Nc6 7. d4 b6 8. d5 exd5 9. cxd5 Na5 10. Nd4 d6 11. Qd3 g6 12. Bg5 Bd7 13. Bxf6 Bxf6 14. Ne6 Bxe6 15. dxe6 Rb8 16. b4 Nb7 17. Nd5 c5 18. b5 Na5 19. Rad1 c4 20. Nxf6+ Qxf6 21. Qxd6 Rbe8 22. Bd5 Re7 23. Rc1 c3 24. Rfd1 Rfe8 25. Qb4 Qe5 26. Qxc3 Qxe2 27. Re1 Qg4 28. Qf6 Qh5 29. Rc8 g5 30. Rxe8+ Qxe8 31. Qxf5 1-0

[Event "Titled Tuesday intern op 29th Aug Late"]
[Site "Chess.com INT"]
[Date "2023.08.29"]
[Round "3"]
[White "Ramadoss, Ashokkumar"]
[Black "Domingo Nunez, Alejandro"]
[Result "0-1"]
[WhiteElo "2110"]
[BlackElo "2323"]
[PlyCount "92"]
[EventDate "2023.08.29"]
[EventType "swiss (blitz)"]
[EventRounds "11"]
[EventCountry "USA"]
[SourceTitle "EXT 2024"]
[Source "ChessBase"]
[SourceDate "2023.10.10"]
[SourceVersion "1"]
[SourceVersionDate "2023.10.10"]
[SourceQuality "1"]

1. Nf3 Nf6 2. c4 g6 3. Nc3 Bg7 4. e4 d6 5. d3 0-0 6. d4 e5 7. Be2 exd4 8. Nxd4 Re8 9. f3 c6 10. Bg5 h6 11. Bh4 g5 12. Bf2 d5 13. cxd5 cxd5 14. Nf5 Bxf5 15. exf5 Nc6 16. 0-0 d4 17. Nb5 a6 18. Na3 b5 19. Bd3 Qd5 20. Nc2 Rad8 21. Qd2 Nh5 22. Be4 Rxe4 23. fxe4 Qxe4 24. Rae1 Qxf5 25. Bg3 Qg6 26. Rd1 d3 27. Ne1 Nxg3 28. hxg3 Bd4+ 29. Rf2 Qf5 30. Nf3 Bxf2+ 31. Qxf2 Nd4 32. Nxd4 Qxf2+ 33. Kxf2 Rxd4 34. Ke3 Rg4 35. Kf3 Rd4 36. Ke3 Rd6 37. Kd2 Kg7 38. Rf1 Kg6 39. g4 f6 40. Rf5 h5 41. Rc5 hxg4 42. b3 f5 43. a4 bxa4 44. bxa4 f4 45. Rc4 Kh5 46. Rc8 Kh4 0-1